000 00429nam a2200133Ia 4500
008 100328s9999 xx 000 0 und d
082 _b20732
100 _aअंतरकर आनंद - संपा.
245 _aनिवडक अश्मसार
260 _bविश्वमोहिनी
630 _aनिवडक अश्मसार
730 _aनिवडक अश्मसार
942 _cBOOK
999 _c514827
_d514824